Mechanika 2 : Zbierka príkladov /

Gespeichert in:
Bibliographische Detailangaben
Hauptverfasser: Hanulák, Ernest (Verfasst von), Kroupa, Miroslav (Verfasst von), Lintner, Alojz (Verfasst von)
Format: Buch
Sprache:Slowakisch
Veröffentlicht: Bratislava : SVŠT v Bratislave, 1977
Ausgabe:1.vyd.
Tags: Tag hinzufügen
Keine Tags, Fügen Sie das erste Tag hinzu!

MARC

LEADER 00000nam a22000003a 4500
001 stu9689
005 20150617225803.7
008 970509s1977----cs------------------slo-d
040 |a STU  |b slo 
041 0 |a slo 
044 |a cs 
100 1 |a Hanulák, Ernest  |4 aut 
245 1 |a Mechanika 2 :  |b Zbierka príkladov /  |c [aut.] Hanulák,E.; Kroupa,M.; Lintner,A 
250 |a 1.vyd. 
260 |a Bratislava :  |b SVŠT v Bratislave,  |c 1977 
300 |a 407 s 
700 1 |a Kroupa, Miroslav  |4 aut 
700 1 |a Lintner, Alojz  |4 aut 
996 |b E40074  |c E*40074  |l EE01  |s A  |a 24  |w stu9689_0001